000
00334 a2200109 4500
001
ART_33057
005
20260410161926.0
008
260409a
245
1
0
_a
Deerchos de propiedad intelectual en las obtenciones vegetales
100
1
_a
Martinolich, Alejandro
773
0
_t
Lecturas
_g
- NÂș 12 (jun. 2008)
_w
REV19328
999
_c
28189
_d
28189